| 000 | 00376nam a22001577a 4500 | ||
|---|---|---|---|
| 999 |
_c532630 _d532630 |
||
| 003 | NUST | ||
| 005 | 20191126162336.0 | ||
| 008 | 191126b ||||| |||| 00| 0 eng d | ||
| 038 | _aMSOHAIL | ||
| 082 | _a0 | ||
| 100 |
_aAli Abbas _926258 |
||
| 245 | _aConstruction Health and Safety Plan......\ | ||
| 260 |
_aIslamabad _bNUST _cc2015 |
||
| 300 | _ap;v.p. | ||
| 942 |
_2ddc _cBK |
||